000 00448nam a2200169Ia 4500
020 _a9057820498
040 _cOUN
082 _a628 BAC 1999 A056 Or.
245 0 0 _aAquatic restoration in Canada /
260 _aLeiden, Netherlands :
_bBackhuys,
_c1999
300 _axi, 211 p. :
_bill. (some col.), maps ;
_c25 cm
650 0 _aLake renewal
650 0 _aWildlife reintroduction
700 1 _aMurphy, Tom
700 1 _aMunawar, M
942 _cEK
999 _c15677
_d15677